000 00745nas a2200253 4500
001 BR0807016
003 BR-BrBNA
005 20231205112151.0
007 ta
008 230509b bl.|||p| |||| 00| 00por d
040 _aBR-BrBNA
_bpor
_cBiblioteca Nacional de Agricultura
041 _a(Pt)
072 _aL20
100 1 _aFowler, H.G.
245 1 _aA migração e a estrutura trófica de comunidades de macroartrópodes em serralheria de eucalipto
650 _aINSETO
650 _aMIGRAÇÃO
650 _aPOPULAÇÃO
650 _aECOLOGIA ANIMAL
650 _aEUCALIPTO
773 0 _tNaturalia (Brazil)
_xISSN 0001-1944
_g(1992), v. 17 p. 161-166
_wBR0807016
909 _a202311
_bLúcia
_c55
_dLúcia Elande
942 _2AGRIS
_n0
_cANA
999 _c196477
_d196477